AC Milan 2025/26 Squad - Statistics

General Stats
  • This quiz has been taken 24 times
  • The average score is 19 of 23
Answer Stats
# Pos Nat Player % Correct
11 RW ๐Ÿ‡บ๐Ÿ‡ธ Christian Pulisic
100%
14 CM ๐Ÿ‡ญ๐Ÿ‡ท Luka Modric
100%
16 GK ๐Ÿ‡ซ๐Ÿ‡ท Mike Maignan
95%
10 LW ๐Ÿ‡ต๐Ÿ‡น Rafael Leao
95%
7 ST ๐Ÿ‡ฒ๐Ÿ‡ฝ Santiago Gimenez
95%
12 CM ๐Ÿ‡ซ๐Ÿ‡ท Adrien Rabiot
90%
56 RM ๐Ÿ‡ง๐Ÿ‡ช Alexis Saelemaekers
90%
23 CB ๐Ÿด๓ ง๓ ข๓ ฅ๓ ฎ๓ ง๓ ฟ Fikayo Tomori
90%
9 ST ๐Ÿ‡ฉ๐Ÿ‡ช Niclas Fullkrug
90%
2 LB ๐Ÿ‡ช๐Ÿ‡จ Pervis Estupinan
90%
19 CM ๐Ÿ‡ซ๐Ÿ‡ท Youssouf Fofana
90%
18 ST ๐Ÿ‡ซ๐Ÿ‡ท Christopher Nkunku
86%
33 LB ๐Ÿ‡ฎ๐Ÿ‡น Davide Bartesaghi
86%
8 CM ๐Ÿด๓ ง๓ ข๓ ฅ๓ ฎ๓ ง๓ ฟ Ruben Loftus-Cheek
86%
31 CB ๐Ÿ‡ท๐Ÿ‡ธ Strahinja Pavlovic
86%
30 DM ๐Ÿ‡จ๐Ÿ‡ญ Ardon Jashari
81%
5 CB ๐Ÿ‡ง๐Ÿ‡ช Koni De Winter
81%
46 CB ๐Ÿ‡ฎ๐Ÿ‡น Matteo Gabbia
81%
4 DM ๐Ÿ‡ฎ๐Ÿ‡น Samuel Ricci
81%
24 RB ๐Ÿ‡จ๐Ÿ‡ญ Zachary Athekame
67%
27 CB ๐Ÿ‡ฉ๐Ÿ‡ช David Odogu
62%
96 GK ๐Ÿ‡ฎ๐Ÿ‡น Lorenzo Torriani
57%
1 GK ๐Ÿ‡ฎ๐Ÿ‡น Pietro Terraciano
57%
No matching quizzes found
Score Distribution
Percent of People with Each Score
Percentile by Number Answered
Your Score History
You have not taken this quiz